Analysis and Design practice of Hydraulic concrete structures (Record no. 220449)

MARC details
000 -LEADER
fixed length control field 00472nam a2200193Ia 4500
008 - FIXED-LENGTH DATA ELEMENTS--GENERAL INFORMATION
fixed length control field 240823s9999||||xx |||||||||||||| ||und||
020 ## - INTERNATIONAL STANDARD BOOK NUMBER
International Standard Book Number 978-81-203-4594-2
082 ## - DEWEY DECIMAL CLASSIFICATION NUMBER
-- 627 Q3
100 ## - MAIN ENTRY--PERSONAL NAME
Personal name Ghosh Karuna Moy
245 #0 - TITLE STATEMENT
Title Analysis and Design practice of Hydraulic concrete structures
250 ## - EDITION STATEMENT
Edition statement 2nd
260 ## - PUBLICATION, DISTRIBUTION, ETC. (IMPRINT)
Date of publication, distribution, etc 2013
Name of publisher, distributor, etc #VALUE!
500 ## - GENERAL NOTE
General note YES
650 ## - SUBJECT ADDED ENTRY--TOPICAL TERM
Topical term or geographic name as entry element Concrete
942 ## - ADDED ENTRY ELEMENTS (KOHA)
Item type Books
Holdings
Withdrawn status Lost status Damaged status Permanent location Current location Date acquired Source of acquisition Cost, normal purchase price Full call number Barcode Date last seen Koha item type
      CENTRAL LIBRARY, NOORUL ISLAM CENTRE FOR HIGHER EDUCATION CENTRAL LIBRARY, NOORUL ISLAM CENTRE FOR HIGHER EDUCATION 11/28/2014 Higginbothams Private Ltd 195.00 627 Q3 69665 08/23/2024 Books
Visitors:
Copyright © 2024 Central Library NICHE.  All rights reserved.